Vida y paisaje : temas de geografía general de España : [4º]

Gespeichert in:
Bibliographische Detailangaben
Format: Buch
Sprache:Spanisch
Erschienen: Barcelona : Teide, 1976
Ausgabe:3a ed.
Katalog:MANES:  Suchergebnis im Bibliothekskatalog
Schulbuchspezifische Eigenschaften:
Tags: Tag hinzufügen
Keine Tags, Fügen Sie den ersten Tag hinzu!
Hinzugefügt zu:19.06.2005
Geändert in:07.05.2025

MARC

LEADER 00000nam a2200000 a 4500
001 .b1778560
003 ES-BaCBU
005 20250507130141.0
008 050620s1973 spca ||l 001 ||spa|c
017 |a DL B. 28899-1976 
020 |a 8430725296 
035 |a 8430725296  |9 ES-BaUB001  |a 0883-90560  |9 ES-BaUB035 
040 |a ES-BaCBU  |b cat  |c ES-BaCBU  |d ES-BaUB 
245 0 0 |a Vida y paisaje :  |b temas de geografía general de España : [4º] /  |c [dirección: Frederic Rahola y Jordi Rubió Lois] 
250 |a 3a ed. 
260 |a Barcelona :  |b Teide,  |c 1976 
300 |a 103 p.:  |b il. col.;  |c 30 cm 
504 |a índex 
546 |a España 
561 |5 es-CRAI  |3 p1 TX EGB 6/4 TEI  |a España. Biblioteca Universitat de Barcelona  |k MANES 
690 0 |a CN  |a CS 
691 0 |a PRI 
700 1 |a Rahola, Frederic,  |d 1914-1992,  |e dir.  |9 33416  |a Rubió i Lois, Jordi,  |d 1926-1988,  |9 33417 
856 |y Registro en Cercabib - CRAI 
942 |2 ddc  |c BK 
999 |c 89991  |d 89991 
999 |c manes:89991  |d 89991